| 000 | 01239nam a22003617a 4500 | ||
|---|---|---|---|
| 001 | BR7904375 | ||
| 003 | BR-BrBNA | ||
| 005 | 20230928090036.0 | ||
| 007 | ta | ||
| 008 | 230509b bl.||||| |||| 00| 0 por d | ||
| 040 |
_aBR-BrBNA _bpor _cBiblioteca Nacional de Agricultura |
||
| 041 | _a(Por) | ||
| 072 |
_aH20 _b2110 _b4120 _b3875 _b4540 _b/G514 |
||
| 090 | _ 2110 BR7904375 | ||
| 100 | 1 | _aMontoya, L.J. | |
| 100 | 1 | _aRam, A. | |
| 100 | 1 | _aMedeiros, A.G. | |
| 110 | 1 |
_aCentro de Pesquisas do Cacau, Ilheus, BA (Brasil) _91631 |
|
| 245 | 1 | _aEstudo da economicidade do controle da podridao parda do cacaueiro com fungicida cuprico aplicado por helicoptero [Phytophthora palmivora; Brasil] | |
| 246 | 1 | _a[Study on the economicness of controlling cocoa brown rot with cupric fungicide applied by helicopter [Phytophthora palmivora; Brazil]] | |
| 260 | 3 |
_aIlheus, BA (Brasil): _c1979. |
|
| 300 | _a41 p. | ||
| 500 | _a(*) Documento disponível no(a) CEPLAC, Ilheus, BA (Brazil) | ||
| 650 | _aMicroeconomia | ||
| 650 | _aDoenca de planta | ||
| 650 | _aCacau | ||
| 650 | _aPodridao parda | ||
| 650 | _aFungicida cuprico | ||
| 650 | _aDefensivo | ||
| 650 | _aAviao | ||
| 909 |
_a202309 _bLucia _c55 _dLucia Elande |
||
| 942 | _cBK | ||
| 999 |
_c27564 _d27564 |
||